000 00750nas a2200253 4500
001 BR9205134
003 BR-BrBNA
005 20231205092822.0
007 ta
008 230509b bl.|||p| |||| 00| 00por d
040 _aBR-BrBNA
_bpor
_cBiblioteca Nacional de Agricultura
041 _a(Pt)
072 _aH10
100 1 _aCosta, E.C.
100 1 _aLink, D.
245 1 _aAvaliacao de inseticidas no controle de percevejos na cultura do arroz irrigado
650 _aARROZ IRRIGADO
650 _aINSETICIDA
650 _aPERCEVEJO
650 _aCONTROLE QUIMICO
773 0 _tLavoura Arrozeira (Brazil)
_xISSN 0023-9143
_g(Jan-Feb 1992), v. 45(400) p. 21-23
_wBR9205134
909 _a202311
_bLúcia
_c55
_dLúcia Elande
942 _2AGRIS
_n0
_cANA
999 _c134438
_d134438